Kamil Tozeehaat-al-Inshaa (Record no. 7480)

000 -LEADER
fixed length control field 00346 a2200133 4500
040 ## - CATALOGING SOURCE
Original cataloging agency DLC
Language of cataloging DLC
082 ## - DEWEY DECIMAL CLASSIFICATION NUMBER
Classification number 492.7
110 ## - MAIN ENTRY--CORPORATE NAME
Corporate name or jurisdiction name as entry element Shirkat Ilmia
245 ## - TITLE STATEMENT
Title Kamil Tozeehaat-al-Inshaa
Statement of responsibility, etc. Shirkat Ilmia
260 ## - PUBLICATION, DISTRIBUTION, ETC.
Place of publication, distribution, etc. Multan :
Name of publisher, distributor, etc. Maktaba Shirkat Ilmia
Date of publication, distribution, etc. 2001.
300 ## - PHYSICAL DESCRIPTION
Extent iii, 162 p.
Dimensions ; 24 cm.
500 ## - GENERAL NOTE
General note Includes Index
942 ## - ADDED ENTRY ELEMENTS (KOHA)
Koha item type Book
Call number prefix 492.7 SHI
Source of classification or shelving scheme
Holdings
Withdrawn status Lost status Damaged status Not for loan Collection code Permanent Location Current Location Shelving location Date acquired Source of acquisition Cost, normal purchase price Total Checkouts Full call number Barcode Date last seen Date last checked out Price effective from Koha item type
          Central Library (CL) Central Library (CL) General Stacks 06/20/2003 Allied Book Company 100.00 1 492.7 SHI SEECS003564 12/18/2024 10/07/2019 01/05/2017 Book
© 2023 Central Library, National University of Sciences and Technology. All Rights Reserved.